000 01506nam a2200433 i 4500
001 56018
003 KOSZ 005
005 20191219141408.0
008 081201s2007 pl f f |000 0 pol
020 _a9788301149871
040 _cKOSZ 005
_aKOSZ 005
_dKOSZ 005/HR
080 _a658.14/.17
080 _a657
080 _a(075.8)
100 1 _aSierpińska, Maria
_d(1950 -)
_eAutor
245 1 0 _aOcena przedsiębiorstwa według standardów światowych /
_cMaria Sierpińska, Tomasz Jachna.
250 _aWyd.3 zm. i uaktual., 3 dodr.
260 _aWarszawa :
_bWydawnictwo Naukowe PWN,
_c2007.
300 _a406, [1] s. :
_bil. ;
_c24 cm.
336 _2rdacontent
_aTekst
_btxt
337 _2rdamedia
_aBez urządzenia pośredniczącego
_bn
338 _2rdacarrier
_aWolumin
_bnc
380 _aKsiążki
380 _aPublikacje fachowe
380 _aPublikacje dydaktyczne
385 _mPoziom nauczania
_aSzkoły wyższe
388 _a2001-
504 _aBibliogr. s. 276-277.
650 4 _aAnaliza finansowa
650 4 _aFinanse przedsiębiorstwa
650 4 _aRachunek ekonomiczny
655 4 _aPodręczniki akademickie
658 _aGospodarka, ekonomia, finanse
700 1 _aJachna, Tomasz
_eAutor
710 2 _aWydawnictwo Naukowe PWN
_4pbl.
856 _uhttp://koha.tu.koszalin.pl/cgi-bin/koha/opac-detail.pl?biblionumber=56018
_yKatalog online BPK
856 _uhttp://libra.ibuk.pl/book/527
_yIBUK
942 _cKS
_2UKD
999 _c56018
_d56018